[Event "Leiden Chess Tournament"]
[Site "Leiden"]
[Date "2017.07.15"]
[Round "2"]
[White "Nijboer, Friso"]
[Black "Heemskerk, Wim"]
[Result "1-0"]
[WhiteElo "2528"]
[BlackElo "2175"]
[Annotator "TA"]
[PlyCount "129"]
[EventDate "2017.??.??"]
[EventCountry "NED"]
[SourceTitle "playchess.com"]
[Source "ChessBase"]
[SourceQuality "1"]

{[%evp 22,129,33,29,37,32,19,13,60,55,79,79,73,78,75,79,79,79,74,66,86,79,103,100,162,157,169,166,164,113,131,62,64,55,47,48,56,52,43,62,46,38,72,55,159,118,119,121,139,143,144,127,135,133,125,114,212,211,212,202,236,236,236,236,236,236,236,229,229,229,229,229,229,229,229,229,229,229,229,229,229,229,229,229,229,229,229,229,229,229,229,229,229,229,229,229,229,221,221,221,221,221,221,221,221,221,472,470,475,468]} 1. e4 c5 2. Nf3 g6 3. d4 cxd4 4. Nxd4 Bg7 5. c4 Nc6 6. Nc2 Nf6 {[%cal Bg8f6,Bf6d7,Bd7c5][%mdl 32]} 7. Nc3 d6 8. Be2 Nd7 9. Bd2 Nc5 10. b4 Ne6 11. O-O O-O 12. Rb1 {LiveBook: 31 Games} Bd7 {B37: Sicilian: Maroczy Bind with 5...Bg7, sidelines} (12... a5 13. b5 Ncd4 14. Nxd4 Nxd4 15. Na4 e5 16. Be3 Be6 17. Bd3 Rc8 18. Rc1 Kh8 19. Re1 Qc7 20. Qd2 {1-0 (47) Gajewski,G (2621)-Mista,A (2588) Germany 2016}) 13. Nd5 Ncd4 $146 ({Predecessor:} 13... Rc8 14. Be3 b6 15. Qd2 Ne5 16. Na3 f5 17. f4 Nc6 18. exf5 Ned4 19. fxg6 Nxe2+ 20. Qxe2 hxg6 {0-1 (73) Kabanov,N (2512)-Yoshan,V (2408) Khanty-Mansiysk 2007}) 14. Nxd4 Bxd4 {The position is equal.} 15. Bh6 Re8 16. Qd2 Bh8 17. Be3 Nc7 18. Nc3 Bc6 19. f3 b6 20. Rfd1 Qc8 21. Rdc1 Qe6 22. a4 Rec8 (22... Qc8 $16 {was worth a try.}) 23. b5 Be8 24. a5 bxa5 25. Na4 ({White should play} 25. Ra1 $18) 25... Qe5 $16 26. f4 (26. Qxa5 $6 Ne6 $14) (26. b6 $16) 26... Qxe4 $14 27. Bf3 Qf5 28. b6 Rab8 29. b7 Bxa4 30. bxc8=Q+ ({Don't go for} 30. bxc8=B $2 Qxb1 31. c5 (31. Rxb1 $2 Rxb1+ 32. Kf2 Rb2 $19) 31... d5 $19) 30... Rxc8 31. Rb7 $36 {[%mdl 2048] White fights for an advantage.} Ne6 {With the idea ...Nc5.} 32. Rxa7 Bc6 ({Black should try} 32... Nc5 $14) 33. Bxc6 ({Weaker is} 33. Qxa5 Qd3 $17) ({But not} 33. Rxe7 $6 Qf6 $11) 33... Rxc6 34. Rxe7 Bf6 35. Ra7 {[%cal Be7a7,Ba7a5,Ba5d5][%mdl 32]} Qe4 36. Rxa5 Rxc4 37. Rxc4 Qxc4 38. Qxd6 Qc3 (38... Qe4 $16 39. Qd2 Nd4) 39. Qd2 $18 Qc6 40. Rd5 Kg7 41. f5 gxf5 42. Rxf5 Qe4 43. Rf1 Qe5 44. Rf3 Qa1+ 45. Qc1 Qxc1+ 46. Bxc1 {[%mdl 4096] Endgame KRB-KBN} Be5 47. Ra3 Kg6 48. Be3 h5 49. h3 Bb2 50. Rb3 Be5 51. Kf2 Bf6 52. Rb5 Bc3 53. Rd5 Bb2 54. Kf3 Bc3 55. Ke4 Bf6 56. Rb5 Bc3 57. Rb7 Bf6 58. Kd5 Bc3 59. Kd6 Bf6 60. Ra7 Bc3 61. Kd7 Bb4 62. Ra8 Kg7 63. Rc8 Kf6 $2 {[#]} (63... Kh7 64. Rb8 Be1) 64. Rh8 Kg6 65. Rh6+ {Precision: White = 84%, Black = 47%.} 1-0

[Event "Leiden Chess Tournament"]
[Site "Leiden"]
[Date "2017.07.15"]
[Round "2"]
[White "Gavrilov, Alexei"]
[Black "Van Egmond, Rogier"]
[Result "1-0"]
[WhiteElo "2491"]
[BlackElo "2151"]
[Annotator "TA"]
[PlyCount "41"]
[EventDate "2017.??.??"]
[EventCountry "NED"]
[SourceTitle "playchess.com"]
[Source "ChessBase"]
[SourceQuality "1"]

{[%evp 9,41,11,16,22,28,0,0,0,7,7,12,9,19,13,37,8,72,36,54,50,70,15,83,48,122,75,85,64,162,87,429,425,475,421]} 1. d4 Nf6 2. c4 e6 3. Nf3 Bb4+ 4. Bd2 a5 5. e3 b6 6. Bd3 {E11: Bogo-Indian} d5 7. cxd5 exd5 8. Ne5 {The position is equal.} O-O 9. O-O Bb7 10. Nc3 Re8 11. Rc1 $146 {[%mdl 2048] Black is under pressure.} ({Predecessor:} 11. a3 Bxc3 12. Bxc3 Ba6 13. b4 Bxd3 14. Qxd3 Ne4 15. b5 c6 16. Nf3 Nd7 17. Rfc1 Nf8 18. Be1 Qd7 {½-½ (18) Meyer,J (2335)-Rohde,M (2540) Philadelphia 1989}) 11... c6 12. f4 Nbd7 (12... Ba6 $11) 13. Rf3 Bxc3 14. Bxc3 Ne4 15. Rh3 (15. Bxe4 $14 dxe4 16. Rg3) 15... Nf8 (15... Nxe5 $11 16. Bxe4 dxe4 17. fxe5 g6) 16. Be1 Rc8 (16... f6 $14) 17. Bxe4 dxe4 18. Qb3 Qc7 (18... Qd5 $1 $14) 19. d5 ({Better is} 19. f5 $18) 19... c5 $2 {[%mdl 8192] [#]} (19... Rcd8 $16 {is more resistant.}) 20. d6 $1 $18 {[%cal Rd6c7][%mdl 512]} a4 (20... Qxd6 21. Qxf7+) 21. Qd1 {Precision: White = 26%, Black = 22%.} ({Weaker is} 21. dxc7 axb3 22. axb3 Rxc7 $11) 1-0

[Event "Leiden Chess Tournament"]
[Site "Leiden"]
[Date "2017.07.15"]
[Round "2"]
[White "Beerdsen, Thomas"]
[Black "Van Dael, Siem"]
[Result "1-0"]
[WhiteElo "2452"]
[BlackElo "2132"]
[Annotator "TA"]
[PlyCount "21"]
[EventDate "2017.??.??"]
[EventCountry "NED"]
[SourceTitle "playchess.com"]
[Source "ChessBase"]
[SourceQuality "1"]

{[%evp 9,21,-14,56,62,57,65,53,35,204,204,206,204,204,207]} 1. e4 e5 2. Nf3 Nc6 3. c3 d5 4. Qa4 f6 5. d3 (5. Bb5 Nge7 6. exd5 Qxd5 7. O-O Bd7 8. d4 a6 9. c4 Qd6 10. dxe5 fxe5 11. Rd1 Qe6 12. Nc3 Rc8 13. Ng5 Qg4 14. h3 axb5 15. Qxb5 Qf5 16. Qxb7 Nd4 17. Nb5 Bc6 18. Qa6 Nxb5 19. cxb5 Ra8 20. g4 Qc2 21. Rd2 Qg6 {0-1 (21) Durarbayli,V (2627)-So,W (2822) chess.com INT 2017}) 5... Bc5 ({Black should play} 5... Be6 $11) 6. b4 $14 {C44: Ponziani Opening and Scotch Gambit} Bb6 $146 ({Predecessor:} 6... dxe4 7. dxe4 Bd6 8. Bc4 Nge7 9. Qb3 Ng6 10. Bf7+ Kf8 11. g3 a5 12. Bc4 axb4 13. cxb4 Bxb4+ {0-1 (40) Mohannad Farhan,A (2279)-Sengupta,D (2445) New Delhi 2009}) 7. exd5 Qxd5 8. c4 Qd6 $2 {[#]} (8... Qe6 $1 $14) 9. c5 $18 {White is clearly better.} Bxc5 10. bxc5 Qxc5 11. Ba3 1-0

[Event "Leiden Chess Tournament"]
[Site "Leiden"]
[Date "2017.07.15"]
[Round "2"]
[White "Vrolijk, Liam"]
[Black "Beeren, Thom"]
[Result "1-0"]
[WhiteElo "2419"]
[BlackElo "1978"]
[Annotator "TA"]
[PlyCount "108"]
[EventDate "2017.??.??"]
[EventCountry "NED"]
[SourceTitle "playchess.com"]
[Source "ChessBase"]
[SourceQuality "1"]

{[%evp 21,108,47,76,77,97,86,83,81,100,92,93,90,93,91,117,122,146,50,51,52,59,0,183,192,195,210,339,187,189,183,185,157,156,124,333,333,413,442,436,422,429,420,521,235,237,237,224,219,241,239,360,243,226,227,250,260,281,277,263,239,227,227,256,190,193,193,209,216,745,745,745,745,678,631,535,513,5073,1825,1837,947,12842,4614,29970,29965,29959,12845,12359,9512,29978]} 1. d4 Nf6 2. c4 c5 3. d5 e6 4. Nc3 exd5 5. cxd5 d6 6. e4 g6 7. f4 {[%cal Bf2f4,Bf4f5][%mdl 32]} Bg7 8. Bb5+ Nfd7 9. Bd3 O-O 10. Nf3 Na6 11. O-O Re8 12. f5 $146 {A67: Modern Benoni: Taimanov Variation} ({Predecessor:} 12. Re1 Nb6 13. h3 c4 14. Bb1 Nc5 15. Bc2 Bxc3 16. bxc3 f5 17. e5 dxe5 18. Rxe5 Rxe5 19. Nxe5 Qxd5 {½-½ (41) Andriuschenko,N (2491)-Degterev,P (2545) ICCF email 2008}) 12... Ne5 13. Nxe5 Bxe5 14. Qf3 {[#] Threatens to win with fxg6.White is better.} Qf6 15. fxg6 Qxg6 16. Bf4 Bg4 17. Qg3 Nb4 18. Bb5 Re7 19. Ba4 (19. Bxe5 $16 Rxe5 20. Rf4) 19... c4 $14 20. Bxe5 Rxe5 21. Bb5 (21. b3 $14) 21... Rc8 $2 {[#]} (21... Bh5 $1 $11 {and Black stays safe.}) 22. Rf6 $1 $18 {[%cal Rf6g6][%mdl 512]} Qg7 (22... Qxf6 23. Qxg4+) 23. Raf1 Rf8 (23... Bh5 $142 24. Qh3 (24. Rxd6 Qxg3 25. hxg3 Nd3 $14) 24... Bg4) 24. h3 (24. Bxc4 $142 {R1f2 is the strong threat.} Rg5 25. R1f2 (25. Qxd6 Bh3 $16)) 24... Bh5 25. Qxg7+ Kxg7 26. Rxd6 {And now Rd7 would win.} Rc8 27. Rf5 Rxf5 $2 (27... Nd3 $16 28. Rxe5 Nxe5) 28. exf5 a6 29. Bd7 (29. f6+ Kh6 $18) 29... Rd8 30. g4 Nd3 31. Ne4 (31. gxh5 Ne5 $18) 31... Nxb2 {aiming for ...c3!} 32. Rb6 (32. gxh5 c3 $16) (32. f6+ $142 Kh8 33. gxh5) 32... Rxd7 33. Rxb2 Rxd5 34. Rxb7 {[%mdl 4096] Endgame KRB-KRN} ({Don't take} 34. gxh5 $6 b5 $16) 34... Rd4 {Hoping for ...Bxg4.} 35. Nf2 Rd2 (35... Bxg4 $142 36. hxg4 (36. Nxg4 Rd2 $18) 36... c3) 36. Rc7 ({But not} 36. gxh5 c3 $18) 36... Rxa2 37. Rxc4 Kf6 38. gxh5 Kxf5 {KRN-KR} 39. Rc7 Ke6 40. Ne4 Ra5 41. Kg2 Ke5 42. Re7+ Kf4 43. Nf2 Rg5+ 44. Kh2 f5 $2 (44... Rf5 45. Nh1 Kg5) 45. Nd3+ Kf3 46. Rxh7 Rg2+ 47. Kh1 Rg3 48. h6 f4 (48... Rxh3+ $142 49. Kg1 Ke3) 49. h4 Rh3+ 50. Kg1 Rxh4 51. Rh8 Rg4+ 52. Kf1 Rh4 53. Ne1+ Kg3 54. h7 Kh3 {Precision: White = 62%, Black = 31%.} 1-0

[Event "Leiden Chess Tournament"]
[Site "Leiden"]
[Date "2017.07.15"]
[Round "2"]
[White "Tomov, Georgi"]
[Black "Pruijssers, Roeland"]
[Result "1/2-1/2"]
[WhiteElo "2273"]
[BlackElo "2508"]
[Annotator "TA"]
[PlyCount "38"]
[EventDate "2017.??.??"]
[EventCountry "NED"]
[SourceTitle "playchess.com"]
[Source "ChessBase"]
[SourceQuality "1"]

{[%evp 18,38,0,-10,0,0,0,0,47,0,14,-31,-45,-48,-30,-41,-28,-96,-16,-24,-24,-41,-57]} 1. e4 e5 2. Nf3 Nc6 3. Nc3 Nf6 4. d4 exd4 5. Nxd4 Bb4 6. Nxc6 bxc6 7. Bd3 d5 8. exd5 O-O 9. O-O cxd5 10. Qf3 {LiveBook: 35 Games. C47: Scotch Four Knights and Four Knights with 4 g3} (10. h3 c6 11. Qf3 Re8 12. Bf4 Qe7 13. a3 Bd6 14. Ne2 c5 15. b3 Be6 16. Bxd6 Qxd6 17. Rad1 Qe7 {1-0 (58) Bacrot,E (2696)-Fressinet,L (2668) Balagna 2017}) 10... Bg4 11. Qg3 Qd7 12. h3 {The position is equal.} Bd6 {[%cal Bb4d6,Bd6e5,Be5f6][%mdl 32]} 13. Qh4 $146 ({Predecessor:} 13. Bf4 Bxf4 14. Qxf4 Be6 15. Rad1 c5 16. Qg5 Rab8 17. b3 h6 {0-1 (46) Saravanan,K-Cook,M (2017) England 2014}) 13... Bf5 14. Rd1 Rab8 15. a3 Rfe8 {Strongly threatening ...Bxd3.} 16. Bg5 Be5 17. Rab1 (17. Qa4 $11 {keeps the balance.}) 17... c5 ({Better is} 17... Bxd3 $17 18. cxd3 d4) 18. Bxf6 $11 Bxf6 19. Qa4 Bxc3 1/2-1/2

[Event "Leiden Chess Tournament"]
[Site "Leiden"]
[Date "2017.07.15"]
[Round "2"]
[White "Stubberud, Ornulf"]
[Black "Pijpers, Arthur"]
[Result "1/2-1/2"]
[WhiteElo "2248"]
[BlackElo "2457"]
[Annotator "TA"]
[PlyCount "85"]
[EventDate "2017.??.??"]
[EventCountry "NED"]
[SourceTitle "playchess.com"]
[Source "ChessBase"]
[SourceQuality "1"]

{[%evp 18,85,-15,-7,-7,-27,-24,-33,-9,-35,-39,-32,-33,-44,-32,-51,-50,-58,-34,-39,-33,-66,-31,-36,-27,-33,0,0,19,-16,0,-33,-26,-30,-9,-17,-15,-50,21,0,0,-2,-16,0,0,-10,0,0,0,0,0,0,0,0,18,7,4,4,47,27,25,41,9,0,9,0,0,0,0,0]} 1. d4 Nf6 2. Nf3 g6 3. Bg5 Bg7 4. Nbd2 d5 5. c3 O-O 6. e3 Nbd7 7. Be2 Re8 8. O-O e5 9. dxe5 Nxe5 10. Nxe5 {LiveBook: 28 Games. D03: 1 d4 d5 2 Nf3 Nf6 3 Bg5, including Torre Attack with early ...d5} (10. c4 Nxc4 11. Nxc4 dxc4 12. Qxd8 Rxd8 13. Bxc4 Re8 14. Bf4 c6 15. Rad1 Be6 16. Bxe6 Rxe6 17. Be5 Rae8 18. Bd4 Nd5 {½-½ (18) Feller,S (2580)-Belov,V (2561) Moscow 2008}) 10... Rxe5 11. Nf3 Re8 12. c4 {Black has an edge.} h6 13. Bh4 (13. Bxf6 $5 Bxf6 14. cxd5 $14) 13... c6 $146 ({Predecessor:} 13... g5 14. Bg3 Ne4 15. Qxd5 Nxg3 16. hxg3 Bxb2 17. Rab1 Bf6 {½-½ (34) Byway,P (2188)-Wu,L (2195) West Bromwich 2003}) 14. Qb3 Qb6 15. Rfd1 Ne4 16. Nd4 dxc4 17. Bxc4 Qxb3 18. Bxb3 a6 19. Rac1 c5 20. Ne2 $1 Bxb2 21. Rc2 Bg7 22. f3 $36 {[%mdl 2048] White has good play.} g5 23. Be1 (23. fxe4 {keeps more tension.} gxh4 24. Bd5 Be6 25. Bxb7 Rab8 26. Bxa6 Ra8 27. Bb7) 23... Nf6 24. e4 b6 25. a4 Nd7 26. Bd5 Ra7 27. Rb1 Rc7 (27... Bb7 $15) 28. Bf2 Be5 (28... Nf6 $5 {[%cal Rf6d5]} 29. Nc3 Nd7 $11) 29. Nc3 Bb7 30. Bc4 Bd4 31. Nd5 Bxf2+ 32. Kxf2 Bxd5 $1 33. exd5 Ra7 34. d6 Re5 35. Rd2 Ra8 36. Bd5 Rd8 37. Bc6 c4 38. Bxd7 $1 Rxd7 39. Rxb6 Ra5 40. Rc6 {The position is equal.} Rxa4 41. Rc7 c3 $1 {[%cal Rc3d2]} 42. Rxc3 Kg7 43. Rc7 {Precision: White = 44%, Black = 50%.} 1/2-1/2

[Event "Leiden Chess Tournament"]
[Site "Leiden"]
[Date "2017.07.15"]
[Round "2"]
[White "Den Hartog, Marijn"]
[Black "Perske, Thore"]
[Result "0-1"]
[WhiteElo "2220"]
[BlackElo "2413"]
[Annotator "TA"]
[PlyCount "162"]
[EventDate "2017.??.??"]
[EventCountry "NED"]
[SourceTitle "playchess.com"]
[Source "ChessBase"]
[SourceQuality "1"]

{[%evp 10,162,19,9,27,0,15,0,8,0,14,2,36,3,18,0,0,0,18,4,25,0,0,0,0,22,109,106,108,110,115,118,108,43,39,42,42,25,58,58,53,55,46,27,29,29,32,-8,-4,-8,-8,-18,-16,-18,-18,-17,-18,-58,-27,-60,-7,-11,-8,-9,-8,-8,-4,-5,-10,-3,0,0,0,0,0,-17,-6,-147,-138,-138,-143,-241,-133,-162,-148,-160,-152,-176,-189,-172,-125,-117,-115,-117,-112,-100,-30,-30,-30,-126,-114,-111,-110,-184,-184,-175,-30,-30,-30,-218,-67,-93,-32,-32,-35,-35,-35,-35,-35,-73,-73,-79,-96,-96,-99,-1229,-1183,-979,-423,-29968,-11802,-29974,-29975,-29975,-29976,-29976,-29976,-29978,-29979,-29977,-29978,-29981,-29982,-29981,-29982,-29983,-29984,-29986,-29985,-29986,-29987,-29987,-29988,-29988,-29989]} 1. e4 e5 2. Nf3 Nc6 3. Bc4 Bc5 4. O-O Nf6 5. d3 d6 6. h3 a6 {C50: Hungarian Defence and Giuoco Pianissimo} (6... O-O 7. Nc3 Be6 8. Bxe6 fxe6 9. Be3 Bxe3 10. fxe3 h6 11. Nh2 Qe7 12. Ng4 Nxg4 13. Qxg4 a6 14. a3 Rxf1+ 15. Rxf1 Rf8 16. Rxf8+ Kxf8 17. Qf3+ Qf7 18. Qxf7+ Kxf7 {½-½ (30) Adly,A (2597)-Amin,B (2663) Dubai 2017}) 7. a3 Ba7 8. Nc3 (8. c3 {is more complex.} b5 9. Bb3 O-O 10. Nbd2 h6 11. Re1) 8... h6 {The position is equal.} 9. Be3 Bxe3 10. fxe3 O-O 11. Qe1 $146 ({Predecessor:} 11. Nh2 Qe7 12. Nd5 Nxd5 13. Bxd5 {0-1 (49) Muchkaeva,G-Stjazhkina,O (2200) Elista 1996}) 11... b5 12. Ba2 Be6 13. Nh4 Bxa2 14. Nxa2 {[%cal Bc3a2,Ba2b4,Bb4c6][%mdl 32]} Nh7 15. Nf5 Ne7 16. Nb4 Nxf5 17. Rxf5 c6 (17... Ng5 $11) 18. Nxc6 $16 Qc7 19. Nb4 $1 a5 20. Nd5 Qxc2 21. Qd1 (21. Qf1 $1 $16) 21... Qxd1+ $14 22. Rxd1 Ng5 23. Rc1 Ne6 24. Rc6 Rfd8 25. Rf2 Nc5 26. Rd2 a4 27. Nc3 Rab8 28. d4 Nb3 29. Rd1 Na5 30. Rc7 Nc4 31. Rf1 Rf8 32. dxe5 dxe5 33. Rc5 Nxe3 34. Rc1 Rfd8 (34... f6 $15) 35. Kf2 $11 Nc4 36. Rc2 $1 Nd6 37. Rxe5 f6 38. Re7 Rbc8 39. Re2 Kf8 $36 {[%mdl 2048] White is under pressure.} 40. Ra7 Rc5 41. Kf3 Nf7 42. Nd5 Ng5+ (42... Re8 $5 {[%cal Rf7g5]} 43. h4 Ne5+ 44. Kg3 Nc6 $11) 43. Kf2 {[#]} (43. Kf4 $11) 43... Nxe4+ $1 $17 {[%mdl 512]} 44. Rxe4 Rdxd5 {[%mdl 4096] Endgame KRR-KRR} 45. Ree7 (45. Re2 $17 {keeps fighting.}) 45... Rg5 (45... Rc2+ $19 46. Kf3 Rf5+ 47. Ke4 Rg5) 46. g4 Kg8 47. Kf3 h5 $1 48. Rab7 hxg4+ 49. hxg4 Kh7 50. Re4 f5 51. gxf5 Rcxf5+ 52. Ke3 Re5 ({Black should try} 52... Rg3+ $17 53. Ke2 Rc5 54. Rh4+ Kg8 55. Rb8+ Kf7 56. Rf4+ Kg6 57. Rb6+ Kh7 58. Rh4+ Kg8 59. Rb8+ Kf7 60. Rf4+ Kg6 61. Rb6+ Kh5) 53. Rxe5 $11 Rxe5+ {KR-KR} 54. Kd4 (54. Kf4 $11 Rc5 55. Ke4) 54... Rh5 55. Ke4 Kh6 56. Rb6+ (56. Kf4 $17) 56... g6 $19 57. Kf4 {[#]} Rd5 ({Black should play} 57... Rf5+ $1 $19 58. Ke4 Kh5) 58. Rb8 Rc5 59. Rh8+ Kg7 60. Rb8 {[#]} Rf5+ (60... g5+ $1 $17 61. Ke4 Kg6) 61. Kg4 $1 $15 Kf6 62. Rb6+ Kf7 63. Kg3 g5 64. Rb7+ Ke6 {Strongly threatening ...Rc5.} 65. Rb6+ Kd7 {aiming for ...Rc5.} 66. Rg6 Kc7 {Threatens to win with ...Rd5.} 67. Kg4 $2 {[%mdl 8192]} (67. Kg2 $17) 67... Rf2 $19 68. Rxg5 Rxb2 (68... Kc6 $142 {White must now prevent ...Rg2+.} 69. Re5 Rxb2) 69. Kf4 (69. Kf3 $19) 69... Rb3 70. Ke4 Kb6 {Black mates.} 71. Kd4 Rxa3 72. Rg8 Ka5 73. Rg4 Rb3 74. Rg8 a3 75. Rb8 Kb4 76. Ra8 Rh3 77. Ra7 Kb3 78. Rb7 b4 79. Kc5 Rh5+ 80. Kd4 a2 81. Ra7 Rh1 {Precision: White = 39%, Black = 59%.} 0-1

[Event "Leiden Chess Tournament"]
[Site "Leiden"]
[Date "2017.07.15"]
[Round "2"]
[White "Koelmans, Jan-Willem"]
[Black "Van de Griend, Johan"]
[Result "1-0"]
[WhiteElo "1916"]
[BlackElo "1797"]
[Annotator "NA RC"]
[PlyCount "89"]
[EventDate "2017.??.??"]
[EventCountry "NED"]
[SourceTitle "playchess.com"]
[Source "ChessBase"]
[SourceQuality "1"]
[TimeControl "40/5400+30:1800+30"]

{[%evp 13,89,26,39,20,31,9,49,26,32767,32767,32767,32767,32767,32767,28,36,33,32,38,39,35,2,45,26,59,78,64,32767,32767,32767,32767,32767,32767,32767,32767,25,89,32767,32767,32767,29,28,32767,32,79,46,35,33,32767,32767,32767,32767,32767,0,0,0,245,272,285,199,223,32767,32767,32767,32767,32767,32767,32767,32767,32767,32767,32767,32767,32767,29989,32767,29991,29989]} 1. d4 d5 2. c4 dxc4 3. Nf3 c6 4. e3 Be6 5. Nc3 b5 {D11: Slav Defence: 3 Nf3 sidelines and 3...Nf6 4 e3 Bg4} 6. a4 b4 7. Ne4 Bd5 8. Ng3 Nf6 9. Qc2 {LiveBook: 4 Games} Bxf3 (9... b3 $5 {[%cal Rb3c2]} 10. Qc3 h5 $11) 10. gxf3 e6 11. Bxc4 $146 ({Predecessor:} 11. Qxc4 Qd5 12. e4 Qxc4 13. Bxc4 {½-½ (48) Kharitonov,A (2552)-Hasangatin,R (2508) Cappelle-la-Grande 2011}) 11... Be7 12. a5 a6 13. Bd2 O-O 14. O-O Nbd7 15. Rfd1 c5 16. dxc5 Bxc5 17. Qb3 Qe7 18. Rac1 Ne5 {[#]} 19. Be2 $1 Rfd8 20. Be1 Rxd1 21. Rxd1 Rd8 22. f4 Rxd1 23. Qxd1 Nc6 24. Qa4 Nb8 (24... Qb7 $11) 25. Bf3 g6 26. Ne4 Nxe4 27. Bxe4 Kg7 28. Qc2 f5 29. Bf3 e5 30. fxe5 Qxe5 31. Qc4 Qd6 32. Bd5 Nd7 33. Bb7 Qd1 34. Kf1 Qd6 $2 (34... Ne5 $1 $11 {and Black stays safe.} 35. Qxc5 Qxe1+ 36. Kxe1 Nd3+ 37. Ke2 Nxc5) 35. Qxa6 ({Less strong is} 35. Bxa6 Ne5 $14) 35... Qxh2 36. Qe6 Qc7 37. Bd5 Nf6 38. Bc4 Ng4 39. a6 Qa7 40. Bd2 Nf6 41. b3 Ne4 42. Bc1 Nd6 43. Qg8+ Kh6 44. Qf8+ Kg5 45. e4+ 1-0

[Event "Leiden Chess Tournament"]
[Site "Leiden"]
[Date "2017.07.15"]
[Round "2"]
[White "Van t Hoff, Kees"]
[Black "Hilarius, Sander"]
[Result "1/2-1/2"]
[WhiteElo "1798"]
[BlackElo "1941"]
[Annotator "NA RC"]
[PlyCount "54"]
[EventDate "2017.??.??"]
[EventCountry "NED"]
[SourceTitle "playchess.com"]
[Source "ChessBase"]
[SourceQuality "1"]
[TimeControl "40/5400+30:1800+30"]

{[%evp 19,52,-23,-24,-6,0,32767,32767,32767,32767,0,0,0,0,0,-6,0,0,0,0,0,9,0,0,0,31,32767,32767,32767,32767,32767,32767,32767,32767,32767,16]} 1. d4 d5 2. c4 c6 3. Nf3 Nf6 4. Nc3 dxc4 5. a4 Bf5 6. e3 e6 7. Bxc4 Bb4 8. O-O Nbd7 9. h3 O-O 10. Bd3 Bxd3 11. Qxd3 Qa5 $146 {D18: Slav Defence: 5 a4 Bf5 6 e3} ({Predecessor:} 11... Qe7 12. b3 e5 13. dxe5 Nxe5 14. Nxe5 Qxe5 15. Bb2 Bd6 16. f4 Qe6 17. Ne2 Rad8 18. Nd4 Qd5 19. Qc4 {0-1 (50) Chmel,K (2068)-Mohammad,N (2275) Prague 2015}) 12. Na2 Bd6 13. Bd2 Qc7 14. Bc3 Rad8 15. Qc2 e5 16. dxe5 Nxe5 17. Nxe5 Bxe5 18. Rad1 Nd5 19. Bxe5 Qxe5 20. Rd3 Rd6 21. Rfd1 Rg6 $14 22. Rd4 Qe6 23. Kh2 Qe5+ 24. Kh1 Qg5 25. Rg4 Qe7 26. Rgd4 Qg5 27. Rg4 Qe7 1/2-1/2

[Event "Leiden Chess Tournament"]
[Site "Leiden"]
[Date "2017.07.16"]
[Round "3"]
[White "Shyam, Sundar M."]
[Black "Verstraeten, Rein"]
[Result "1-0"]
[WhiteElo "2534"]
[BlackElo "2316"]
[Annotator "TA"]
[PlyCount "91"]
[EventDate "2017.??.??"]
[EventCountry "NED"]
[SourceTitle "playchess.com"]
[Source "ChessBase"]
[SourceQuality "1"]

{[%evp 13,91,20,26,21,33,27,27,27,28,19,32,6,10,7,2,-3,61,35,50,31,51,52,63,20,90,87,79,47,57,60,62,63,60,66,50,43,45,19,85,68,87,91,85,49,77,84,93,93,93,87,87,64,74,68,66,53,123,113,111,87,131,133,133,108,150,148,153,133,222,230,783,745,1120,1074,890,904,1095,1041,866,837]} 1. e4 c5 2. Nf3 d6 3. Bb5+ Nd7 4. d4 Ngf6 5. Nc3 cxd4 6. Qxd4 e5 7. Qd3 h6 8. a4 {B51: Sicilian: Moscow Variation (3 Bb5+) without 3...Bd7} a6 9. Bc4 Nc5 10. Qe2 {White has an edge.} Be7 11. a5 O-O $146 ({Predecessor:} 11... Be6 12. O-O Qc7 13. Bxe6 fxe6 14. Nh4 {1-0 (43) Huschenbeth,N (2536)-Zierk,S (2496) Charlotte 2016}) 12. Be3 {Black must now prevent Bxc5.} Qc7 $1 (12... Ncxe4 $2 13. Nxe4 Bg4 14. h3 $18) 13. Nd2 Be6 14. Bxe6 Nxe6 (14... fxe6 $11 15. Qc4 Rad8 16. Bxc5 d5 17. exd5 Bxc5) 15. O-O Qc6 16. Qd3 Rac8 17. Nd5 Bd8 18. c3 Nc5 (18... Nxd5 $11 19. exd5 Nc5) 19. Bxc5 $16 Qxc5 20. Nxf6+ (20. Ne3 {looks sharper.} Qc6 21. Rfd1 Re8 22. Kh1 Re6 23. Ra3) 20... Bxf6 21. Rfd1 Rfd8 22. Nf1 Bg5 23. g3 h5 24. Qe2 g6 25. Rd5 Qc7 (25... Qc4 $11 26. Qxc4 Rxc4) 26. Rad1 Qe7 27. h4 Bh6 28. Nh2 {[%cal Bf1h2,Bh2f3,Bf3e1,Be1c2,Bc2b4,Bb4d5][%mdl 32]} Rc6 29. Nf3 {And now Nxe5! would win.} Rdc8 30. Ne1 Bf8 31. Nc2 Qe6 32. Nb4 Rc5 33. Rxc5 Rxc5 34. Nd5 Kg7 (34... Rxa5 $14 35. b4 Ra4) 35. b4 Rc8 36. Kg2 f5 37. exf5 Qxf5 38. f3 {[%cal Bf2f3,Bf3g4][%mdl 32]} Kh7 39. g4 Qe6 40. Qe4 $36 {[%mdl 2048] White is on the roll.} hxg4 (40... Kh8 $16 {was called for.} 41. c4 Bg7) 41. fxg4 $18 ({Not} 41. Qxg4 Qxg4+ 42. fxg4 Rc4 $14) 41... Bg7 $2 (41... Kg7 42. Rf1 Be7) 42. h5 {[%cal Bh4h5,Bh5g6][%mdl 32] White is clearly winning.} Rf8 43. Rh1 Bh6 {[#]} 44. g5 $1 {[%mdl 512]} Bxg5 45. hxg6+ Kg8 46. Qc4 {Precision: White = 75%, Black = 27%.} 1-0